000 00543nam a2200169 i 4500
001 62840
003 ES-MaACL
005 20230906164734.0
007 t|
008 031126s1981 sp ||||1| spa d
100 1 _aFernández de la Mora, Gonzalo.
_949670
245 1 3 _aLa crisis del parlamentarismo /
_cGonzalo Fernández de la Mora.
260 _aMadrid :
_b[s.n.],
_c1981.
300 _a13 h. ;
_c24 cm.
500 _aEs separata de: Cultura, sociedad y política en el mundo actual. P. 89-114.
852 _aES-MaACL
_j2119-F-10
_bR.102234
999 _c62840
_d62840